000 00615nam a22002057a 4500
003 0
005 20250107121740.0
008 250107b xxu||||| |||| 00| 0 eng d
020 _a9781984689030
050 _aG 155
_b.K36 2024
100 _aKang, Hung Wei
_eauthor.
245 _aLegal aspects in tourism and hospitality /
_cHung Wei Kang.
250 _a2nd ed.
260 _aNew York, NY :
_b3G E-Learning LLC,
_c2024.
300 _aix, 304 p. :
_bcol. ill. ;
_c26 cm.
504 _aIncludes bibliographical references and index.
650 _aTourism.
650 _aTourism
_vLegal aspects.
942 _2lcc
_cBK
999 _c366906
_d366906